Catálogo

Vista normal Vista MARC

Entrada Personal Name

Número de registros utilizados en: 4

001 - CONTROL NUMBER

  • control field: 12531

003 - CONTROL NUMBER IDENTIFIER

  • control field: DLC

005 - DATE AND TIME OF LATEST TRANSACTION

  • control field: 20220429101412.0

008 - FIXED-LENGTH DATA ELEMENTS

  • fixed length control field: 890216n| acannaabn |a aaa

010 ## - LIBRARY OF CONGRESS CONTROL NUMBER

  • LC control number: n 88258445

035 ## - SYSTEM CONTROL NUMBER

  • System control number: (OCoLC)oca02461579

040 ## - CATALOGING SOURCE

  • Original cataloging agency: DLC
  • Language of cataloging: spa
  • Transcribing agency: Mx-PuUPA
  • Modifying agency: OCoLC
  • Modifying agency: Mx-PuUPA
  • Description conventions: rda

100 1# - HEADING--PERSONAL NAME

  • Personal name: Burrel i Floría, Guillem,

374 ## - OCCUPATION

  • Occupation: Director

375 ## - GENDER

  • Gender: hombre

377 ## - ASSOCIATED LANGUAGE

  • Language code: spa

400 1# - SEE FROM TRACING--PERSONAL NAME

  • Personal name: Floría, Guillem Burrel i

670 ## - SOURCE DATA FOUND

  • Source citation: España, c1986:
  • Information found: t.p. verso (Guillem Burrel i Floría)